00439nam a2200133Ia 4500008004100000041000800041082001600049100001500065245001900080260004800099700001700147999001900164952012200183230627s9999 xx 000 0 und d amar a346.06bPUL aPuliani R  aCorporate Laws aNew DelhibBharat Law House Pvt. Ltd.c2004 a Puliani M., c687734d687734 001040708LLBaNLPbNLPcNLP-13d2006-03-31g295.00l0o346.06 PULpNLP-N08659r2023-07-17 00:00:00w2023-07-17yBK